| 000 | 00613nam a22002057a 4500 | ||
|---|---|---|---|
| 003 | URS | ||
| 005 | 20260226131046.0 | ||
| 008 | 260226b |||||||| |||| 00| 0 eng d | ||
| 020 | _a9786210450361 | ||
| 040 | _cURS | ||
| 050 |
_aHF 5415.2 _b.Ab17 2024 |
||
| 100 | _aAbantao, Baniline Jone V. | ||
| 245 |
_aMarketing research / _cDr. Baniline Jone V. Abantao |
||
| 250 | _aFirst Edition.-- | ||
| 264 |
_aManila : _bRex Book Store, Inc., _c© 2024. |
||
| 300 |
_axi, 259 pages : _billustrations ; _c26 cm. |
||
| 504 | _aIncludes bibliographical references. | ||
| 650 | _a Marketing research | ||
| 942 |
_2lcc _cF |
||
| 999 |
_c98947 _d98944 |
||